000 00609nam a2200229Ia 4500
003 OSt
005 20221006160634.0
006 a|||||r|||| 00| 0
007 ta
008 221006b |||||||| |||| 00| 0 kor d
024 _a45,856
037 _bGift, KCC (Window on Korea)
_cAudio
040 _aEASL
_cEASL
_bkor
041 _2kor
_akor
082 _aCD00265-274
245 0 _aHanguke jeontong munhwa = Korea traditional culture
300 _ap.
_ccm.
490 _v V.6 KCD
650 _aCD
942 _hCD00265-274
_cAUD
_2CC
999 _c1113948
_d1113948